[Event "World Team Championship 2015"]
[Site "Tsaghkadzor ARM"]
[Date "2015.04.27"]
[Round "8.33"]
[White "Eljanov, Pavel"]
[Black "Onischuk, Alexander"]
[Result "1/2-1/2"]
[WhiteElo "2733"]
[BlackElo "2665"]
[PlyCount "122"]
[EventDate "2015.04.18"]
[EventType "team-tourn"]
[EventRounds "9"]
[EventCountry "ARM"]
[Source "lmi"]
[SourceDate "2015.04.18"]

1. d4 Nf6 2. c4 e6 3. Nf3 Bb4+ 4. Nbd2 b6 5. a3 Bxd2+ 6. Qxd2 Bb7 7. e3 c5 8.
b3 Nc6 9. Bb2 cxd4 10. Nxd4 d5 11. f3 O-O 12. Nxc6 Bxc6 13. Rd1 Qe7 14. Qb4
Qxb4+ 15. axb4 a5 16. b5 Bb7 17. Ra1 Nd7 18. Bd3 Rfd8 19. Ke2 f6 20. Rhd1 Rac8
21. h4 Ne5 22. Bxe5 fxe5 23. e4 dxc4 24. Bxc4 Kf7 25. Rd3 Ke7 26. Kd2 Rxd3+ 27.
Kxd3 Ra8 28. g3 Rd8+ 29. Ke3 Bc8 30. f4 Bd7 31. fxe5 Rc8 32. Kd4 Rc5 33. b4
axb4 34. Ra7 Ke8 35. h5 h6 36. g4 b3 37. Ra3 b2 38. Rb3 Rc8 39. Rxb2 Ra8 40.
Kc3 Ra1 41. Rd2 Rc1+ 42. Kb3 Rb1+ 43. Kc2 Re1 44. Rd4 Ke7 45. Kd2 Rg1 46. Rd6
Rxg4 47. Ke3 Rg5 48. Kd4 Rxh5 49. Rxb6 g5 50. Rb8 g4 51. Rg8 Rg5 52. Rxg5 hxg5
53. Ke3 Kd8 54. b6 Kc8 55. Ba6+ Kb8 56. Kf2 Ba4 57. Kg3 Bd1 58. Bc4 Kb7 59.
Bxe6 Kxb6 60. Bxg4 Ba4 61. e6 Kc7 1/2-1/2

[Event "World Team Championship 2015"]
[Site "Tsaghkadzor ARM"]
[Date "2015.04.27"]
[Round "8.34"]
[White "Naroditsky, Daniel"]
[Black "Kryvoruchko, Yuriy"]
[Result "1/2-1/2"]
[WhiteElo "2640"]
[BlackElo "2686"]
[PlyCount "56"]
[EventDate "2015.04.18"]
[EventType "team-tourn"]
[EventRounds "9"]
[EventCountry "ARM"]
[Source "lmi"]
[SourceDate "2015.04.18"]

1. e4 e5 2. Nf3 Nc6 3. Bb5 Nf6 4. d3 Bc5 5. c3 O-O 6. O-O d6 7. h3 Bd7 8. Nbd2
a6 9. Ba4 b5 10. Bc2 Bb6 11. Re1 Ne7 12. Nf1 Ng6 13. Ng3 c5 14. Be3 Re8 15. d4
cxd4 16. cxd4 Rc8 17. Bb3 Be6 18. Bxe6 Rxe6 19. a4 d5 20. dxe5 Nxe4 21. Bxb6
Qxb6 22. Nxe4 dxe4 23. Rxe4 bxa4 24. Qd4 Nxe5 25. Nxe5 Qxd4 26. Rxd4 Rxe5 27.
Rdxa4 Rb5 28. Rxa6 Rxb2 1/2-1/2

[Event "World Team Championship 2015"]
[Site "Tsaghkadzor ARM"]
[Date "2015.04.27"]
[Round "8.42"]
[White "Sargissian, Gabriel"]
[Black "Sethuraman, Sethuraman Panayapp"]
[Result "1/2-1/2"]
[WhiteElo "2674"]
[BlackElo "2634"]
[PlyCount "35"]
[EventDate "2015.04.18"]
[EventType "team-tourn"]
[EventRounds "9"]
[EventCountry "ARM"]
[Source "lmi"]
[SourceDate "2015.04.18"]

1. d4 d5 2. c4 e6 3. Nf3 Nf6 4. Bg5 Nbd7 5. Nc3 h6 6. Bh4 Be7 7. e3 O-O 8. Rc1
c5 9. dxc5 dxc4 10. Bxc4 Nxc5 11. O-O a6 12. Nd4 Nfe4 13. Bxe7 Qxe7 14. Nxe4
Nxe4 15. Qd3 Nf6 16. Rfd1 Bd7 17. Nf3 Ba4 18. Bb3 1/2-1/2

[Event "World Team Championship 2015"]
[Site "Tsaghkadzor ARM"]
[Date "2015.04.27"]
[Round "8.43"]
[White "Sasikiran, Krishnan"]
[Black "Movsesian, Sergei"]
[Result "1/2-1/2"]
[WhiteElo "2654"]
[BlackElo "2665"]
[PlyCount "32"]
[EventDate "2015.04.18"]
[EventType "team-tourn"]
[EventRounds "9"]
[EventCountry "ARM"]
[Source "lmi"]
[SourceDate "2015.04.18"]

1. e4 c5 2. Nf3 e6 3. b3 a6 4. Bb2 d5 5. exd5 exd5 6. Qe2+ Be6 7. g3 Nc6 8. Bg2
Nh6 9. O-O Nf5 10. Nc3 Be7 11. Rae1 O-O 12. Qd1 Bd6 13. a3 h6 14. d4 Nfxd4 15.
Nxd4 Nxd4 16. b4 Qd7 1/2-1/2

[Event "World Team Championship 2015"]
[Site "Tsaghkadzor ARM"]
[Date "2015.04.27"]
[Round "8.44"]
[White "Melkumyan, Hrant"]
[Black "Vidit, Santosh Gujarathi"]
[Result "1-0"]
[WhiteElo "2651"]
[BlackElo "2630"]
[PlyCount "149"]
[EventDate "2015.04.18"]
[EventType "team-tourn"]
[EventRounds "9"]
[EventCountry "ARM"]
[Source "lmi"]
[SourceDate "2015.04.18"]

1. d4 Nf6 2. c4 g6 3. Nf3 Bg7 4. g3 c6 5. Bg2 d5 6. Qb3 O-O 7. O-O a5 8. cxd5
a4 9. Qd1 cxd5 10. Nc3 Qa5 11. Bd2 Nc6 12. e3 a3 13. Qb3 axb2 14. Qxb2 Qd8 15.
Rfc1 Ne4 16. Nxe4 dxe4 17. Ng5 e5 18. d5 Qxd5 19. Nxe4 Qd8 20. Bc3 Qe7 21. Nd2
Be6 22. Rcb1 Qa3 23. Bxc6 Qxb2 24. Rxb2 bxc6 25. a4 f5 26. a5 e4 27. Bxg7 Kxg7
28. Rb6 Bd5 29. Nb1 Rfb8 30. Rxb8 Rxb8 31. Nc3 Ra8 32. Nxd5 cxd5 33. a6 Kf6 34.
a7 Ke7 35. Kf1 Kd6 36. Ke2 Kc6 37. Kd2 Kb7 38. Kc3 Rc8+ 39. Kd4 Ka8 40. Ra2 Rd8
41. h4 Rd7 42. Ke5 Rd8 43. h5 gxh5 44. Kxf5 Rg8 45. Ke5 Rg5+ 46. Kf6 h6 47. Ke6
h4 48. gxh4 Rh5 49. Ra5 Rxh4 50. Rxd5 Kxa7 51. Rf5 Kb6 52. Ke5 Kc5 53. Rf4 Rh2
54. Kxe4 Kd6 55. Kf3 Ke5 56. Kg3 Rh1 57. Rh4 Rg1+ 58. Kf3 Rg6 59. Rh5+ Kf6 60.
e4 Kg7 61. Ra5 Rb6 62. Kf4 Kg6 63. f3 h5 64. Rg5+ Kh6 65. e5 Rb8 66. Rg1 h4 67.
Kf5 Rf8+ 68. Ke4 Kh5 69. f4 h3 70. f5 Ra8 71. f6 Ra2 72. f7 Rf2 73. e6 h2 74.
Rh1 Kg6 75. Rxh2 1-0

[Event "World Team Championship 2015"]
[Site "Tsaghkadzor ARM"]
[Date "2015.04.27"]
[Round "8.51"]
[White "Gelfand, Boris"]
[Black "Leko, Peter"]
[Result "1/2-1/2"]
[WhiteElo "2747"]
[BlackElo "2713"]
[PlyCount "56"]
[EventDate "2015.04.18"]
[EventType "team-tourn"]
[EventRounds "9"]
[EventCountry "ARM"]
[Source "lmi"]
[SourceDate "2015.04.18"]

1. d4 Nf6 2. c4 e6 3. Nf3 d5 4. Nc3 Bb4 5. Bg5 h6 6. Bxf6 Qxf6 7. e3 O-O 8. Rc1
dxc4 9. Bxc4 c5 10. O-O cxd4 11. Ne4 Qe7 12. Nxd4 Bd7 13. Bd3 Nc6 14. Nb3 Rfd8
15. a3 Ba5 16. Nd6 Be8 17. Nxe8 Qxe8 18. Nxa5 Nxa5 19. b4 Nc6 20. Qb3 Ne7 21.
Rc7 Rab8 22. Be4 Nd5 23. Rc4 Rd7 24. Rfc1 Rbd8 25. Bf3 Qe7 26. Rd4 b6 27. g3 g6
28. Rcd1 Nf6 1/2-1/2

[Event "World Team Championship 2015"]
[Site "Tsaghkadzor ARM"]
[Date "2015.04.27"]
[Round "8.52"]
[White "Erdos, Viktor"]
[Black "Smirin, Ilia"]
[Result "1/2-1/2"]
[WhiteElo "2612"]
[BlackElo "2652"]
[PlyCount "49"]
[EventDate "2015.04.18"]
[EventType "team-tourn"]
[EventRounds "9"]
[EventCountry "ARM"]
[Source "lmi"]
[SourceDate "2015.04.18"]

1. d4 Nf6 2. c4 g6 3. g3 Bg7 4. Bg2 c5 5. Nf3 Qa5+ 6. Nc3 Ne4 7. Qd3 cxd4 8.
Nxd4 Nc5 9. Qd1 Nc6 10. e3 Ne6 11. O-O O-O 12. Nxe6 dxe6 13. Bd2 Qc7 14. Qe2
Bd7 15. Rfd1 Rfd8 16. Be1 Rac8 17. Rac1 h5 18. h3 Ne5 19. b3 Bc6 20. e4 Nd7 21.
Qe3 h4 22. gxh4 Nf6 23. Qg3 Qb6 24. Qe3 Qc7 25. Qg3 1/2-1/2

[Event "World Team Championship 2015"]
[Site "Tsaghkadzor ARM"]
[Date "2015.04.27"]
[Round "8.54"]
[White "Balogh, Csaba"]
[Black "Postny, Evgeni"]
[Result "1/2-1/2"]
[WhiteElo "2651"]
[BlackElo "2636"]
[PlyCount "51"]
[EventDate "2015.04.18"]
[EventType "team-tourn"]
[EventRounds "9"]
[EventCountry "ARM"]
[Source "lmi"]
[SourceDate "2015.04.18"]

1. e4 e5 2. Nf3 Nc6 3. Bb5 a6 4. Ba4 Nf6 5. O-O Be7 6. d3 d6 7. c3 O-O 8. Re1
Bg4 9. Nbd2 Nd7 10. h3 Bh5 11. Nf1 Nc5 12. Bc2 Ne6 13. Ng3 Bxf3 14. Qxf3 Bg5
15. Nf5 Bxc1 16. Raxc1 Qf6 17. Rcd1 g6 18. Nh6+ Kg7 19. Qxf6+ Kxf6 20. Ng4+ Kg7
21. Ne3 Rad8 22. h4 Ne7 23. Bb3 Nc5 24. Bc2 Ne6 25. Bb3 Nc5 26. Bc2 1/2-1/2

[Event "World Team Championship 2015"]
[Site "Tsaghkadzor ARM"]
[Date "2015.04.28"]
[Round "9.11"]
[White "Shankland, Samuel"]
[Black "Dominguez Perez, Leinier"]
[Result "1/2-1/2"]
[WhiteElo "2661"]
[BlackElo "2729"]
[PlyCount "121"]
[EventDate "2015.04.18"]
[EventType "team-tourn"]
[EventRounds "9"]
[EventCountry "ARM"]
[Source "lmi"]
[SourceDate "2015.04.18"]

1. d4 Nf6 2. c4 g6 3. Nc3 d5 4. cxd5 Nxd5 5. e4 Nxc3 6. bxc3 Bg7 7. Bb5+ c6 8.
Ba4 O-O 9. Ne2 b5 10. Bb3 a5 11. a4 Nd7 12. e5 Nb6 13. axb5 cxb5 14. h4 Nd5 15.
h5 Be6 16. Qd3 Qc8 17. Qf3 Rd8 18. hxg6 hxg6 19. Bd2 b4 20. cxb4 axb4 21. Rc1
Nc3 22. Bxe6 Qxe6 23. Bxc3 bxc3 24. O-O Ra2 25. Rxc3 Qa6 26. Re1 Qa5 27. Kf1
Bh6 28. Rd3 Ra1 29. Nc3 Rxe1+ 30. Kxe1 Bc1 31. Qb7 Qa1 32. Ke2 Qb2+ 33. Qxb2
Bxb2 34. Ke3 Bxc3 35. Rxc3 e6 36. f4 Ra8 37. g4 Ra1 38. Rc8+ Kg7 39. Rc7 Re1+
40. Kf3 Rf1+ 41. Kg3 Kf8 42. Rd7 Ke8 43. Rd6 Kf8 44. d5 exd5 45. Rxd5 Kg7 46.
Rd7 Kf8 47. Rd6 Kg7 48. Rf6 Rh1 49. Ra6 Rf1 50. Ra4 Rg1+ 51. Kh4 Rh1+ 52. Kg5
Re1 53. Ra7 Re4 54. Rb7 Re1 55. Re7 Re4 56. f5 Rxe5 57. Rxe5 f6+ 58. Kf4 fxe5+
59. Kxe5 gxf5 60. Kxf5 Kf7 61. Ke4 1/2-1/2

[Event "World Team Championship 2015"]
[Site "Tsaghkadzor ARM"]
[Date "2015.04.28"]
[Round "9.12"]
[White "Bruzon Batista, Lazaro"]
[Black "Lenderman, Aleksandr"]
[Result "0-1"]
[WhiteElo "2691"]
[BlackElo "2617"]
[PlyCount "74"]
[EventDate "2015.04.18"]
[EventType "team-tourn"]
[EventRounds "9"]
[EventCountry "ARM"]
[Source "lmi"]
[SourceDate "2015.04.18"]

1. d4 Nf6 2. c4 e6 3. Nf3 d5 4. Nc3 Bb4 5. Qb3 c5 6. dxc5 Nc6 7. Bg5 dxc4 8.
Qxc4 Qa5 9. Bxf6 gxf6 10. Rc1 Qxc5 11. Qf4 Ke7 12. g3 e5 13. Qh6 Be6 14. Bh3
Bxh3 15. Qxh3 Nd4 16. O-O Bxc3 17. Nxd4 exd4 18. bxc3 dxc3 19. Qg2 Rac8 20.
Qxb7+ Rc7 21. Qe4+ Qe5 22. Qa4 Rd8 23. Qa3+ Ke8 24. Rc2 Rd2 25. Rb1 Qe4 26.
Rb8+ Kd7 27. Rc1 c2 28. Qb3 Qc4 29. Qe3 Rd1+ 30. Kg2 Qd5+ 31. f3 Qe5 32. Qa3
Qxe2+ 33. Kh3 Qf1+ 34. Kh4 Rc4+ 35. g4 Qf2+ 36. Kh3 Rd2 37. Rh1 c1=Q 0-1

[Event "World Team Championship 2015"]
[Site "Tsaghkadzor ARM"]
[Date "2015.04.28"]
[Round "9.13"]
[White "Akobian, Varuzhan"]
[Black "Ortiz Suarez, Isan R"]
[Result "1-0"]
[WhiteElo "2622"]
[BlackElo "2612"]
[PlyCount "72"]
[EventDate "2015.04.18"]
[EventType "team-tourn"]
[EventRounds "9"]
[EventCountry "ARM"]
[Source "lmi"]
[SourceDate "2015.04.18"]

1. d4 Nf6 2. c4 e6 3. Nf3 c5 4. d5 exd5 5. cxd5 d6 6. Nc3 g6 7. Bf4 a6 8. a4
Bg7 9. h3 O-O 10. e3 Re8 11. Bd3 Nbd7 12. O-O Nh5 13. Bxd6 Qb6 14. Bh2 Qxb2 15.
Ne4 Qxa1 16. Qxa1 Bxa1 17. Rxa1 Nhf6 18. Nd6 Re7 19. e4 Nb6 20. a5 Nbxd5 21.
exd5 Nxd5 22. Bc4 Nf6 23. Ng5 Kg7 24. Ngxf7 Bd7 25. Be5 Be6 26. Bxe6 Rxe6 27.
f4 h6 28. g4 g5 29. f5 Re7 30. Rb1 Rf8 31. Rb6 Rfxf7 32. Nxf7 Rxf7 33. Kf2 Rf8
34. Re6 Rf7 35. Ke3 Rf8 36. Kd3 Rf7 1-0

[Event "World Team Championship 2015"]
[Site "Tsaghkadzor ARM"]
[Date "2015.04.28"]
[Round "9.14"]
[White "Gonzalez Vidal, Yuri"]
[Black "Naroditsky, Daniel"]
[Result "1/2-1/2"]
[WhiteElo "2557"]
[BlackElo "2640"]
[PlyCount "87"]
[EventDate "2015.04.18"]
[EventType "team-tourn"]
[EventRounds "9"]
[EventCountry "ARM"]
[Source "lmi"]
[SourceDate "2015.04.18"]

1. Nf3 d5 2. c4 d4 3. e3 Nc6 4. exd4 Nxd4 5. Nxd4 Qxd4 6. Nc3 c6 7. d3 Nh6 8.
Be2 Nf5 9. O-O Qd8 10. Re1 Nd4 11. Bf4 g6 12. Be5 f6 13. Bxd4 Qxd4 14. Bf3 f5
15. Qa4 Bd7 16. Ne2 Qf6 17. d4 Bg7 18. Qb4 O-O-O 19. d5 e5 20. dxe6 Bxe6 21.
Nf4 Rhe8 22. Nd5 Qxb2 23. Ne7+ Kc7 24. Qa4 Bd4 25. Rab1 Qxf2+ 26. Kh1 Qxe1+ 27.
Rxe1 Rxe7 28. Qa5+ Kc8 29. c5 Rde8 30. Qxa7 Bxa2 31. Qa8+ Kc7 32. Qa5+ Kc8 33.
Qa8+ Kc7 34. Qa5+ Kc8 35. Rd1 Bb3 36. Rb1 Bxc5 37. g3 Re3 38. Bxc6 bxc6 39.
Qxc5 Re1+ 40. Rxe1 Rxe1+ 41. Kg2 Bd5+ 42. Kf2 Re6 43. Qa7 h5 44. h4 1/2-1/2

[Event "World Team Championship 2015"]
[Site "Tsaghkadzor ARM"]
[Date "2015.04.28"]
[Round "9.23"]
[White "Almasi, Zoltan"]
[Black "Kryvoruchko, Yuriy"]
[Result "1/2-1/2"]
[WhiteElo "2698"]
[BlackElo "2686"]
[PlyCount "39"]
[EventDate "2015.04.18"]
[EventType "team-tourn"]
[EventRounds "9"]
[EventCountry "ARM"]
[Source "lmi"]
[SourceDate "2015.04.18"]

1. Nf3 Nf6 2. c4 b6 3. g3 Bb7 4. Bg2 e6 5. O-O Be7 6. Nc3 O-O 7. d4 Ne4 8. Nxe4
Bxe4 9. Ne1 Bxg2 10. Nxg2 d5 11. Qa4 dxc4 12. Qxc4 c5 13. dxc5 Bxc5 14. Be3 Nd7
15. Rfd1 Qe7 16. Bxc5 Nxc5 17. Ne3 Rfd8 18. Rxd8+ Rxd8 19. Rd1 Rxd1+ 20. Nxd1
1/2-1/2

[Event "World Team Championship 2015"]
[Site "Tsaghkadzor ARM"]
[Date "2015.04.28"]
[Round "9.32"]
[White "Sethuraman, Sethuraman Panayapp"]
[Black "Yu, Yangyi"]
[Result "0-1"]
[WhiteElo "2634"]
[BlackElo "2724"]
[PlyCount "158"]
[EventDate "2015.04.18"]
[EventType "team-tourn"]
[EventRounds "9"]
[EventCountry "ARM"]
[Source "lmi"]
[SourceDate "2015.04.18"]

1. e4 c5 2. Nf3 e6 3. c3 Nf6 4. e5 Nd5 5. d4 cxd4 6. cxd4 d6 7. Bc4 Nc6 8. O-O
Be7 9. a3 O-O 10. Re1 Bd7 11. Qe2 Rc8 12. exd6 Bxd6 13. Nc3 Nxc3 14. bxc3 h6
15. Ba2 Ne7 16. c4 Bc6 17. Bb2 Ng6 18. g3 Re8 19. Rad1 Qa5 20. c5 Be7 21. h4
Bf6 22. Nh2 Qd8 23. Ng4 Bxh4 24. gxh4 Qxh4 25. Nh2 Nf4 26. Qe3 Ng2 27. Qe5 Nxe1
28. Rxe1 Qh3 29. f3 Bd5 30. Bb1 f6 31. Qf4 b6 32. Re2 f5 33. Rg2 Rf8 34. Rg3
Qh5 35. Nf1 Rf6 36. Ne3 Qf7 37. Kf2 Qb7 38. Nd1 Kf7 39. Qe5 Qb8 40. Nc3 bxc5
41. Ba1 cxd4 42. Qxd4 Rc4 43. Qd3 Rg6 44. Rxg6 Kxg6 45. Nxd5 Qh2+ 46. Ke3 Qg1+
47. Ke2 Rc1 48. Nf4+ Kh7 49. Bc3 Rxb1 50. Nxe6 Qf1+ 51. Ke3 Qxd3+ 52. Kxd3 g5
53. a4 Kg6 54. Ke2 h5 55. a5 h4 56. Kf2 h3 57. Kg3 Rh1 58. Bd4 a6 59. Bb6 f4+
60. Nxf4+ gxf4+ 61. Kxf4 Kf6 62. Kg3 Ke5 63. Bc7+ Kd4 64. Bb6+ Kd3 65. Kf2 h2
66. Kg2 Rf1 67. Kxh2 Rxf3 68. Kg1 Kd2 69. Kh2 Kd1 70. Bc7 Rf7 71. Bb6 Rg7 72.
Kh3 Ke2 73. Kh4 Kd3 74. Kh3 Kc4 75. Kh2 Kb4 76. Kh3 Rg5 77. Kh2 Rxa5 78. Bxa5+
Kxa5 79. Kg3 Kb4 0-1

[Event "World Team Championship 2015"]
[Site "Tsaghkadzor ARM"]
[Date "2015.04.28"]
[Round "9.33"]
[White "Bu, Xiangzhi"]
[Black "Sasikiran, Krishnan"]
[Result "1/2-1/2"]
[WhiteElo "2681"]
[BlackElo "2654"]
[PlyCount "43"]
[EventDate "2015.04.18"]
[EventType "team-tourn"]
[EventRounds "9"]
[EventCountry "ARM"]
[Source "lmi"]
[SourceDate "2015.04.18"]

1. Nf3 Nf6 2. c4 g6 3. b3 Bg7 4. Bb2 O-O 5. g3 d6 6. d4 Nbd7 7. Bg2 e5 8. dxe5
dxe5 9. O-O e4 10. Ne1 Re8 11. Nc2 c6 12. Qd2 Qe7 13. Nc3 Qc5 14. h4 h6 15.
Rad1 Qh5 16. Ne3 Nf8 17. Qc2 Bf5 18. Rd6 N8h7 19. Na4 Bg4 20. Nc3 Bf5 21. Na4
Bg4 22. Nc3 1/2-1/2

[Event "World Team Championship 2015"]
[Site "Tsaghkadzor ARM"]
[Date "2015.04.28"]
[Round "9.34"]
[White "Deep, Sengupta"]
[Black "Wei, Yi"]
[Result "0-1"]
[WhiteElo "2576"]
[BlackElo "2703"]
[PlyCount "86"]
[EventDate "2015.04.18"]
[EventType "team-tourn"]
[EventRounds "9"]
[EventCountry "ARM"]
[Source "lmi"]
[SourceDate "2015.04.18"]

1. e4 e5 2. Nf3 Nc6 3. Bb5 a6 4. Ba4 Nf6 5. O-O Nxe4 6. d4 b5 7. Bb3 d5 8. dxe5
Be6 9. c3 Be7 10. Nbd2 Nc5 11. Bc2 d4 12. Nb3 d3 13. Bb1 Nxb3 14. axb3 Bf5 15.
Bf4 O-O 16. Ne1 Qd5 17. Bxd3 Bxd3 18. Qxd3 Qxb3 19. Qf3 Qe6 20. Nd3 Rfd8 21.
Rad1 Rd7 22. Rde1 Rad8 23. Nc1 Na5 24. Ne2 Nb3 25. Qg3 c5 26. Kh1 Nd2 27. Bxd2
Rxd2 28. Nf4 Qf5 29. b3 c4 30. bxc4 bxc4 31. h4 a5 32. h5 a4 33. h6 Bg5 34. Nh3
R2d3 35. f3 Bxh6 36. Qh4 Bd2 37. Re2 Bxc3 38. e6 fxe6 39. Qxc4 a3 40. Nf2 Rd2
41. Rfe1 Rxe2 42. Rxe2 Be5 43. Qb3 Rb8 0-1

[Event "World Team Championship 2015"]
[Site "Tsaghkadzor ARM"]
[Date "2015.04.28"]
[Round "9.42"]
[White "Elsherief, Mohamed"]
[Black "Sargissian, Gabriel"]
[Result "0-1"]
[WhiteElo "2479"]
[BlackElo "2674"]
[PlyCount "80"]
[EventDate "2015.04.18"]
[EventType "team-tourn"]
[EventRounds "9"]
[EventCountry "ARM"]
[Source "lmi"]
[SourceDate "2015.04.18"]

1. d4 d5 2. Nf3 Nf6 3. e3 e6 4. Bd3 b6 5. O-O Nbd7 6. b3 Bb7 7. Bb2 Bd6 8. Nbd2
O-O 9. Ne5 Ne4 10. Rc1 a5 11. c4 Bxe5 12. dxe5 Ndc5 13. Be2 Nxd2 14. Qxd2 dxc4
15. Qxd8 Rfxd8 16. Bxc4 Ba6 17. Bd4 Bxc4 18. Rxc4 Na6 19. Rc6 Kf8 20. a3 Rd5
21. f4 Ke8 22. b4 axb4 23. axb4 Kd7 24. Rc4 b5 25. Rc3 Nxb4 26. Rfc1 c6 27. Rd1
Kc7 28. Rb1 Na6 29. Rbc1 c5 30. Bxc5 Rxc5 31. Rxc5+ Nxc5 32. Rxc5+ Kb6 33. Rc1
b4 34. Kf2 Rb8 35. Ke2 b3 36. Kd3 Rd8+ 37. Ke2 Ka5 38. Rc7 Rb8 39. Ra7+ Kb6 40.
Ra1 b2 0-1

[Event "World Team Championship 2015"]
[Site "Tsaghkadzor ARM"]
[Date "2015.04.28"]
[Round "9.43"]
[White "Movsesian, Sergei"]
[Black "Adly, Ahmed"]
[Result "0-1"]
[WhiteElo "2665"]
[BlackElo "2595"]
[PlyCount "122"]
[EventDate "2015.04.18"]
[EventType "team-tourn"]
[EventRounds "9"]
[EventCountry "ARM"]
[Source "lmi"]
[SourceDate "2015.04.18"]

1. e4 c6 2. d4 d5 3. Nc3 dxe4 4. Nxe4 Nd7 5. Ng5 g6 6. Bc4 Nh6 7. N1f3 Nb6 8.
Bb3 Bg7 9. O-O O-O 10. h3 a5 11. a4 Nf5 12. c3 Nd5 13. Ne4 b6 14. Re1 Bb7 15.
Bg5 h6 16. Bd2 e6 17. Bc4 Qc7 18. Qb3 c5 19. dxc5 bxc5 20. Bf1 Rab8 21. Qc2 c4
22. Qc1 Kh7 23. Nh2 Nfe7 24. Ng3 Nf5 25. Nxf5 gxf5 26. Nf3 Rg8 27. Nd4 Bf6 28.
Kh1 Rg6 29. Nb5 Qc6 30. f3 Rbg8 31. Qd1 Bh4 32. Re2 Bg3 33. Qc2 Bb8 34. Rae1
Nf6 35. Be3 Nh5 36. Rd2 Ng3+ 37. Kg1 Nh5 38. Kh1 Rg3 39. Qd1 Rxh3+ 40. Kg1 Bh2+
41. Kf2 Bg3+ 42. Ke2 Bh4 43. Rd6 Ng3+ 44. Kd2 Nxf1+ 45. Rxf1 Rxg2+ 46. Kc1 Qe8
47. Rb6 Qe7 48. Nd6 Bd5 49. Kb1 Bg5 50. Bd4 Rhh2 51. Be5 Rd2 52. Bxh2 Rxd1+ 53.
Rxd1 Bxf3 54. Re1 Bd2 55. Rf1 Be2 56. Rg1 Bd3+ 57. Ka2 f4 58. Rg4 Qc7 59. Ne8
Qd8 60. Rb8 Qxb8 61. Nf6+ Kh8 0-1

[Event "World Team Championship 2015"]
[Site "Tsaghkadzor ARM"]
[Date "2015.04.28"]
[Round "9.44"]
[White "Farahat, Ali"]
[Black "Melkumyan, Hrant"]
[Result "1/2-1/2"]
[WhiteElo "2389"]
[BlackElo "2651"]
[PlyCount "56"]
[EventDate "2015.04.18"]
[EventType "team-tourn"]
[EventRounds "9"]
[EventCountry "ARM"]
[Source "lmi"]
[SourceDate "2015.04.18"]

1. e4 e5 2. Nf3 Nc6 3. Bb5 a6 4. Ba4 Nf6 5. O-O Be7 6. Re1 b5 7. Bb3 d6 8. c3
O-O 9. h3 Bb7 10. d3 Na5 11. Bc2 c5 12. Nbd2 Re8 13. Nf1 h6 14. Ng3 Bf8 15. d4
g6 16. d5 Nc4 17. a4 Nb6 18. b3 Qc7 19. a5 Nbd7 20. Be3 Nh7 21. Nf1 Ndf6 22. g4
h5 23. N3h2 Be7 24. Ng3 hxg4 25. hxg4 Qd8 26. Kg2 Nd7 27. Nf3 Ng5 28. Rh1 f6
1/2-1/2

[Event "World Team Championship 2015"]
[Site "Tsaghkadzor ARM"]
[Date "2015.04.28"]
[Round "9.54"]
[White "Postny, Evgeni"]
[Black "Vitiugov, Nikita"]
[Result "1/2-1/2"]
[WhiteElo "2636"]
[BlackElo "2736"]
[PlyCount "57"]
[EventDate "2015.04.18"]
[EventType "team-tourn"]
[EventRounds "9"]
[EventCountry "ARM"]
[Source "lmi"]
[SourceDate "2015.04.18"]

1. d4 Nf6 2. c4 e6 3. g3 Bb4+ 4. Bd2 Be7 5. Nf3 d5 6. Bg2 O-O 7. O-O c6 8. Qc2
b6 9. Bf4 Nbd7 10. Nbd2 Bb7 11. e4 dxe4 12. Nxe4 Nxe4 13. Qxe4 Nf6 14. Qe2 c5
15. Rfd1 cxd4 16. Nxd4 Qc8 17. Bxb7 Qxb7 18. Qf3 Qxf3 19. Nxf3 Rfc8 20. b3 Kf8
21. Ne5 Ne4 22. f3 Nc5 23. Rac1 f6 24. Nd7+ Ke8 25. Nxc5 Bxc5+ 26. Kf1 Rd8 27.
Ke2 Ke7 28. Rxd8 Rxd8 29. Rd1 1/2-1/2